000 00891nam a2200205 i 4500
001 117497
003 ES-MaACL
005 20250930063117.0
007 t|
008 070214m19081947sp r ||||1| spa d
100 1 _aPano y Ruata, Mariano de,
_d1847-1948
_988810
245 1 3 _aLa Condesa de Bureta, Dª María Consolación de Azlor y Villavicencio, y el Regente, Don Pedro Mª Ric y Monserrat
_b: episodios y documentos de los sitios de Zaragoza /
_cpor Mariano Pano y Ruata.
260 _aZaragoza :
_bMariano Escar,
_c1908-1947.
300 _a2 v., 6 lám. :
_bil. ;
_c23 y 24 cm.
600 1 4 _aRic y Montserrat, Pedro María
_cBarón de Valdeolivos.
_9152610
600 1 4 _aBureta, María de la Consolación Azlor
_cCondesa de (
_d1773-1814)
_9152611
651 4 _aZaragoza-
_xHistoria-
_y1808-1809, Sitio.
_9142068
852 _aES-MaACL
_jC-4478-79
999 _c117497
_d117497